Statistics for State Capitals That Beat Nashville

Click here to take the quiz!

General Stats

  • This quiz has been taken 78 times
  • The average score is 12 of 14

Answer Stats

RankCategoryState Capital% Correct
10Closest to ChicagoMadison | Indianapolis | Lansing | Springfield | Columbus | Frankfort | Des Moines | Jefferson City | St. Paul
99%
7Largest AirportAtlanta | Denver | Phoenix | Boston | Salt Lake City | Honolulu
96%
8Closest to the Mississippi RiverBaton Rouge | St. Paul | Jackson | Springfield | Madison | Little Rock | Jefferson City
96%
10Most Populous in 1900Boston | Providence | Indianapolis | St. Paul | Denver | Columbus | Albany | Atlanta | Richmond
96%
8Closest to CubaTallahassee | Montgomery | Baton Rouge | Columbia | Atlanta | Jackson | Raleigh
96%
10Closest to a National ParkColumbia | Charleston | Juneau | Olympia | Denver | Little Rock | Cheyenne | Augusta | Carson City
94%
7Most Populous (City Proper)Phoenix | Austin | Columbus | Indianapolis | Denver | Boston
93%
10Most Populous in 1860Boston | Albany | Providence | New Haven | Richmond | Hartford | Indianapolis | Columbus | Trenton
91%
9Tallest BuildingAtlanta | Oklahoma City | Indianapolis | Boston | Denver | Austin | Des Moines | Columbus
90%
10Highest GDP Per CapitaBoston | Des Moines | Trenton | Madison | Hartford | Denver | Austin | St. Paul | Salt Lake City
88%
6(t)Most PrecipitationJuneau | Baton Rouge | Tallahassee | Jackson | Montgomery | Olympia(t)
85%
9Longest River AlongsideBismarck | Jefferson City | Pierre | Baton Rouge | St. Paul | Little Rock | Austin | Oklahoma City
79%
4Fastest Growing (2010-2020)Austin | Raleigh | Boise
76%
3Largest Area (City Proper)Juneau | Oklahoma City
63%

Score Distribution

Percentile by Number Answered

Percent of People with Each Score

Your Score History

You have not taken this quiz